000 00462nam a22001817a 4500
003 MPLRDC
005 20220104113553.0
008 210129b ||||| |||| 00| 0 eng d
020 _a957-645-156-6
082 _a857.62 JDN v.16
100 _a贾德诺
245 _a欺人太甚
_c周辛南译
260 _a
_b风云时代出版有限公司
_c1992
300 _b
490 _a贾氏妙探奇案. 16
650 _a推理小说
942 _cBK
_o857.62 JDN v.16
999 _c685
_d675